Avance Informativo/
Сохранить в:
| Соавтор: | |
|---|---|
| Формат: | |
| Язык: | Spanish |
| Опубликовано: |
San José, Costa Rica:
Instituto Cultural Costarricense-Salvadoreño. Centro de Documentación
|
| Предметы: | |
| Метки: |
Добавить метку
Нет меток, Требуется 1-ая метка записи!
|
MARC
| LEADER | 00000nam a22000007a 4500 | ||
|---|---|---|---|
| 003 | cru CIDCACS/IIS | ||
| 005 | 20210529062537.0 | ||
| 008 | 201009n cr |||p|r|||||| ||spa|d | ||
| 999 | |c 43427 |d 43427 | ||
| 040 | |c cru CIDCACS/IIS | ||
| 090 | |a REV0057 | ||
| 110 | 2 | |a Instituto Cultural Costarricense-Salvadoreño. |b Centro de Documentación |9 9656 | |
| 245 | 1 | |a Avance Informativo/ |c Instituto Cultural Costarricense-Salvadoreño. Centro de Documentación | |
| 260 | |a San José, Costa Rica: |b Instituto Cultural Costarricense-Salvadoreño. Centro de Documentación | ||
| 500 | |a EXISTENCIAS : 1988 (2-4) 1989 (5-6, 8) PERIODICIDAD: Cuatrimestral ESTADO DEL REGISTRO:Ya no se recibe | ||
| 650 | 4 | |9 3217 |a PROBLEMAS POLITICOS | |
| 650 | 4 | |9 1934 |a MILITARISMO | |
| 650 | 0 | |9 70 |a FUERZAS ARMADAS | |
| 650 | 0 | |a FRENTE FARABUNDO MARTI PARA LA LIBERACION NACIONAL, FMLN (EL SALVADOR) |9 6846 | |
| 651 | 4 | |9 1928 |a EL SALVADOR | |
| 942 | |2 ddc |c PP | ||
